00326nam a2200133Ia 4500008004100000020001500041041001200056082001600068100001700084245003200101260003600133300000800169650001500177221030s9999 xx 000 0 und d a8182741327 aEnglish a105.23bMal aS. A. Malone 0aSuccess Skills for Managers bPentagon PressaNew Delhic2006 a274 aManagement